000 00995nam a22003137a 4500
003 CHAP
005 20220329141054.0
008 971013s1996 r 00010 d
010 _a62172
011 _a63144
035 _a67320
040 _cCHAP
082 _a664.8
_bB7Y
100 0 0 _aBrody, Aaron L.
_eed.
_915496
245 _aEnvasado de alimentos en atmósferas controladas, modificadas y a vacío
260 _aZaragoza :
_bAcribia,
_c1996
300 _a213 p.
590 _aBATCH-UPD
_b10
_c20130110
_lUCH01
_h1445
590 _aBATCH-UPD
_b10
_c20130410
_lUCH01
_h0914
590 _aBATCH-UPD
_b10
_c20130914
_lUCH01
_h0145
590 _aCONVERSION
_b10
_c20130109
_lUCH01
_h1333
650 1 4 _aAlimentos
_xBacteriología.
_94171
650 1 4 _aAlimentos
_xConservación.
_94179
650 1 4 _aAlimentos
_xEmpaque.
_94216
650 1 4 _aCarne
_xEmpaque.
_919077
901 _aBK
942 _cLIBRO
949 _a664.8 B7Y
_bBC
_cLIBRO
_d33724000631503
_eLIBRO
_gI. 186438
_h91718
_i67320
_si
_t316.00
999 _c62172
_d62172